[Event "Skovbo GM"]
[Site "Borup"]
[Date "2012.09.22"]
[Round "7"]
[White "Percivaldi, Martin"]
[Black "Lindgren, Philip"]
[Result "0-1"]
[WhiteElo "2041"]
[BlackElo "2256"]
[PlyCount "72"]
[EventDate "2012.09.14"]
[EventType "swiss"]
[EventRounds "9"]
[EventCountry "DEN"]
[Source "ChessBase"]
[SourceDate "2012.10.19"]

1. d4 Nf6 2. c4 e6 3. Nf3 d5 4. e3 Nbd7 5. b3 b6 6. Bb2 Bb7 7. Nbd2 Bd6 8. Ne5
Ne4 9. Nxd7 Bb4 10. Bc1 Qxd7 11. f3 Nf6 12. Bb2 O-O-O 13. a3 Bd6 14. Kf2 Rhe8
15. b4 e5 16. c5 exd4 17. Bxd4 Be5 18. Bd3 Bxd4 19. exd4 Ne4+ 20. Kg1 Nc3 21.
Qc2 Ne2+ 22. Kf2 Qe7 23. Bxe2 Qxe2+ 24. Kg3 Qe3 25. Rae1 Qxd4 26. c6 Ba6 27.
Qf5+ Kb8 28. Qd7 Rf8 29. Nb3 Qc3 30. Re7 Rxd7 31. cxd7 Rd8 32. Re8 Qf6 33. Nd4
Kb7 34. Rxd8 Qxd8 35. b5 Bxb5 36. Nxb5 Qxd7 0-1

[Event "Skovbo GM"]
[Site "Borup"]
[Date "2012.09.22"]
[Round "7"]
[White "Petersen, Nils"]
[Black "Stojanovski, Sandi"]
[Result "0-1"]
[WhiteElo "1958"]
[BlackElo "2214"]
[PlyCount "130"]
[EventDate "2012.09.14"]
[EventType "swiss"]
[EventRounds "9"]
[EventCountry "DEN"]
[Source "ChessBase"]
[SourceDate "2012.10.19"]

1. c4 Nf6 2. g3 e6 3. Bg2 d5 4. Nf3 Bd6 5. O-O O-O 6. b3 Qe7 7. Bb2 Nbd7 8. d3
c6 9. Qc2 b6 10. e4 dxe4 11. dxe4 e5 12. Nc3 Nc5 13. Rad1 Bg4 14. h3 Bh5 15.
Rd2 Ne6 16. Ne2 Bxf3 17. Bxf3 c5 18. Bg2 Nd4 19. Bxd4 cxd4 20. Nc1 Rfc8 21. Re1
Bb4 22. Bf1 Nd7 23. Nd3 Bxd2 24. Qxd2 Nc5 25. Nb4 Ne6 26. Nd5 Qd6 27. h4 Nc7
28. Bh3 Re8 29. Ne3 Qh6 30. Nf1 Qxd2 31. Nxd2 Re7 32. f4 exf4 33. gxf4 Ne6 34.
Bxe6 Rxe6 35. Kf2 a6 36. Kf3 b5 37. h5 Rc8 38. Rg1 Rc5 39. f5 Rec6 40. Kf4 f6
41. Rg3 Kf7 42. Rd3 Rd6 43. Kf3 Rd7 44. Ke2 g6 45. hxg6+ hxg6 46. fxg6+ Kxg6
47. b4 Rxc4 48. Nxc4 bxc4 49. Rg3+ Kf7 50. Kd2 Ke6 51. Ra3 Ke5 52. Rxa6 d3 53.
Rc6 Kd4 54. a4 Rh7 55. Rd6+ Kxe4 56. b5 Rh2+ 57. Kc3 Rc2+ 58. Kb4 Rc1 59. a5 c3
60. a6 c2 61. Kc5 Ra1 62. Rd4+ Ke3 63. Rc4 c1=Q 64. Rxc1 Rxc1+ 65. Kb4 d2 0-1

[Event "Skovbo GM"]
[Site "Borup"]
[Date "2012.09.22"]
[Round "7"]
[White "Preuss, Flemming"]
[Black "Jensen, Steen Dahlgaard"]
[Result "0-1"]
[WhiteElo "1990"]
[BlackElo "1846"]
[PlyCount "88"]
[EventDate "2012.09.14"]
[EventType "swiss"]
[EventRounds "9"]
[EventCountry "DEN"]
[Source "ChessBase"]
[SourceDate "2012.10.19"]

1. f4 d5 2. Nf3 g6 3. g3 Bg7 4. d3 Nf6 5. Bg2 O-O 6. O-O c5 7. Nc3 d4 8. Ne4
Nxe4 9. dxe4 Qb6 10. h3 c4 11. Kh1 Nc6 12. g4 Rd8 13. f5 Ne5 14. Qe1 Bd7 15.
Qh4 Nxf3 16. Bxf3 Qd6 17. Bg5 Bf6 18. Rad1 Bxg5 19. Qxg5 Qe5 20. Qh4 Bc6 21. g5
Rd6 22. Qg4 Rad8 23. Bg2 d3 24. exd3 cxd3 25. cxd3 Rxd3 26. Rxd3 Rxd3 27. f6
exf6 28. gxf6 Bd7 29. Qh4 h5 30. Qf4 Qxf4 31. Rxf4 Bxh3 32. Bxh3 Rxh3+ 33. Kg2
Re3 34. Kf2 Rh3 35. e5 Rh2+ 36. Ke3 Rxb2 37. Rd4 g5 38. Rd7 h4 39. Ke4 h3 40.
Kf5 h2 41. Rd1 Rxa2 42. Kxg5 Rg2+ 43. Kh6 Rg6+ 44. Kh5 Rg1 0-1

[Event "Skovbo GM"]
[Site "Borup"]
[Date "2012.09.22"]
[Round "7"]
[White "Rhee, Alexander H"]
[Black "Knudsen, Jes West"]
[Result "1-0"]
[WhiteElo "2183"]
[BlackElo "1892"]
[PlyCount "65"]
[EventDate "2012.09.14"]
[EventType "swiss"]
[EventRounds "9"]
[EventCountry "DEN"]
[Source "ChessBase"]
[SourceDate "2012.10.19"]

1. d4 f5 2. Bg5 c6 3. Nd2 Qb6 4. e3 Qxb2 5. Bd3 d5 6. c4 Qc3 7. Qb1 e6 8. Ngf3
Be7 9. h4 Nf6 10. O-O Ne4 11. Bxe7 Nxd2 12. Nxd2 Kxe7 13. Rd1 b6 14. cxd5 cxd5
15. Nf3 Ba6 16. Ne5 Bxd3 17. Rxd3 Qc7 18. Qb4+ Kf6 19. Rc3 Qb7 20. Qd6 Na6 21.
Nd7+ Kf7 22. Ne5+ Kf6 23. Nd7+ Kf7 24. Rc6 Rhe8 25. Rac1 Rac8 26. Ne5+ Kf6 27.
Qxd5 Rxc6 28. Rxc6 Qe7 29. Qc4 Qa3 30. Rc8 b5 31. Qc6 Rxc8 32. Qxc8 Qd6 33. Qe8
1-0

[Event "Skovbo GM"]
[Site "Borup"]
[Date "2012.09.22"]
[Round "7"]
[White "Rostgaard, Tobias Valentin"]
[Black "Mikkelsen, Nikolaj"]
[Result "0-1"]
[WhiteElo "2227"]
[BlackElo "2425"]
[PlyCount "80"]
[EventDate "2012.09.14"]
[EventType "swiss"]
[EventRounds "9"]
[EventCountry "DEN"]
[Source "ChessBase"]
[SourceDate "2012.10.19"]

1. d4 Nf6 2. c4 g6 3. g3 Bg7 4. Bg2 d6 5. Nf3 O-O 6. O-O c6 7. Nc3 Qb6 8. e4
Bg4 9. Rb1 Qa6 10. b3 d5 11. exd5 cxd5 12. c5 Rd8 13. Qe2 Bf5 14. Qxa6 Nxa6 15.
Ra1 Ne4 16. Na4 Naxc5 17. Nxc5 Nxc5 18. Ba3 Ne6 19. Bxe7 Rdc8 20. Rad1 Rc7 21.
Bd6 Rc6 22. Be7 Be4 23. Ne5 Bxg2 24. Kxg2 Rc2 25. a4 Rac8 26. Rd3 Re2 27. Ng4
Nf4+ 28. gxf4 Rxe7 29. f5 Re4 30. Ne3 Rxd4 31. Rxd4 Bxd4 32. Nxd5 Rc5 33. Ne3
Bxe3 34. fxe3 Rxf5 35. Rxf5 gxf5 36. Kg3 Kg7 37. Kf4 Kf6 38. b4 h6 39. Kg3 Ke5
40. Kf3 h5 0-1

[Event "Skovbo GM"]
[Site "Borup"]
[Date "2012.09.22"]
[Round "7"]
[White "Schmidt, Horst Hubert"]
[Black "Christensen, Henrik"]
[Result "0-1"]
[WhiteElo "1863"]
[BlackElo "2026"]
[PlyCount "128"]
[EventDate "2012.09.14"]
[EventType "swiss"]
[EventRounds "9"]
[EventCountry "DEN"]
[Source "ChessBase"]
[SourceDate "2012.10.19"]

1. e4 e5 2. Nf3 Nc6 3. Bc4 Be7 4. Nc3 d6 5. h3 Nf6 6. d3 Bd7 7. O-O Na5 8. Bb3
O-O 9. Be3 b5 10. Qd2 c6 11. Ne2 Qc7 12. c3 Nxb3 13. axb3 d5 14. Ng3 Rfe8 15.
Rfe1 a5 16. Bg5 dxe4 17. dxe4 Be6 18. Bxf6 Bxf6 19. Qc2 g6 20. Red1 Red8 21.
Kf1 h5 22. Rxd8+ Rxd8 23. Ke1 Rd7 24. Rd1 Qd8 25. Rxd7 Qxd7 26. c4 a4 27. cxb5
cxb5 28. bxa4 bxa4 29. Qc3 Qb5 30. Ne2 Bc4 31. Nc1 Bd8 32. Kd1 f6 33. Nd2 Be6
34. Qd3 Qb6 35. Nc4 Qc7 36. Ne3 Kg7 37. Nd5 Qc5 38. Ne3 Ba5 39. Qc2 Qd4+ 40.
Ke2 Bb3 41. Nxb3 axb3 42. Qxb3 Qxe4 43. Qd3 Qb4 44. Nc4 h4 45. Nxa5 Qxa5 46.
Qd7+ Kh6 47. Qd2+ Qxd2+ 48. Kxd2 Kg7 49. Kd3 Kf7 50. Kc4 Ke6 51. Kc5 f5 52. b4
g5 53. b5 g4 54. b6 Kd7 55. Kd5 e4 56. Ke5 g3 57. fxg3 e3 58. gxh4 e2 59. Kxf5
e1=Q 60. Kg4 Ke6 61. h5 Kf6 62. h4 Qe4+ 63. Kg3 Kf5 64. Kh3 Qg4+ 0-1

[Event "Skovbo GM"]
[Site "Borup"]
[Date "2012.09.22"]
[Round "7"]
[White "Semcesen, Daniel"]
[Black "Hagen, Andreas Skytte"]
[Result "1/2-1/2"]
[WhiteElo "2466"]
[BlackElo "2422"]
[PlyCount "95"]
[EventDate "2012.09.14"]
[EventType "swiss"]
[EventRounds "9"]
[EventCountry "DEN"]
[Source "ChessBase"]
[SourceDate "2012.10.19"]

1. d4 d5 2. c4 e6 3. Nc3 Be7 4. Nf3 Nf6 5. Bg5 h6 6. Bxf6 Bxf6 7. Qb3 dxc4 8.
Qxc4 O-O 9. Ne4 Be7 10. Rc1 c6 11. e3 Qd5 12. Bd3 Qxc4 13. Rxc4 Nd7 14. Ke2 Re8
15. a3 Bf8 16. Ne5 Nxe5 17. dxe5 Rd8 18. Rhc1 Bd7 19. Rd4 Be8 20. f4 Rd7 21. g4
Rad8 22. Rxd7 Bxd7 23. b4 Be7 24. h3 Bc8 25. Nd2 Kf8 26. Nb3 Ke8 27. Be4 Kd7
28. Nd4 Kc7 29. Rc4 Bd7 30. Kd2 Kb6 31. Nb3 Be8+ 32. Kc2 Bd7 33. Rd4 Bc8 34.
Kc3 Rf8 35. Kc4 f6 36. exf6 gxf6 37. Nc5 Kc7 38. f5 e5 39. Rd2 Bxc5 40. bxc5
Rd8 41. Rxd8 Kxd8 42. Kb4 Kc7 43. a4 b6 44. a5 Ba6 45. Bf3 Bd3 46. h4 b5 47.
Kc3 Bc4 48. Kb4 1/2-1/2

[Event "Skovbo GM"]
[Site "Borup"]
[Date "2012.09.22"]
[Round "7"]
[White "Smith, Axel"]
[Black "Teplyi, Igor"]
[Result "0-1"]
[WhiteElo "2503"]
[BlackElo "2377"]
[PlyCount "90"]
[EventDate "2012.09.14"]
[EventType "swiss"]
[EventRounds "9"]
[EventCountry "DEN"]
[Source "ChessBase"]
[SourceDate "2012.10.19"]

1. c4 g6 2. e4 c5 3. Nf3 Qa5 4. Nc3 Bg7 5. d4 Nc6 6. d5 Nd4 7. Bd2 Nxf3+ 8.
Qxf3 d6 9. Bd3 Nf6 10. Qe2 O-O 11. O-O e6 12. Rad1 Re8 13. Bc2 a6 14. h3 Qc7
15. Bf4 exd5 16. Nxd5 Nxd5 17. Rxd5 Be5 18. Bxe5 dxe5 19. Ba4 Rf8 20. Qe3 b6
21. f4 exf4 22. Qxf4 Qxf4 23. Rxf4 Be6 24. Rd6 Rab8 25. e5 Rfd8 26. Rxd8+ Rxd8
27. b3 g5 28. Rf2 Rd1+ 29. Rf1 Rxf1+ 30. Kxf1 f6 31. exf6 Kf7 32. Ke2 Kxf6 33.
Ke3 Ke5 34. Be8 Bf5 35. Bh5 Bc2 36. Be2 a5 37. g3 Bb1 38. Kd2 Kd4 39. a4 Bf5
40. h4 gxh4 41. gxh4 Ke4 42. Bh5 Kf4 43. Bd1 h6 44. h5 Bg4 45. Bxg4 Kxg4 0-1

[Event "Skovbo GM"]
[Site "Borup"]
[Date "2012.09.22"]
[Round "7"]
[White "Solodovnichenko, Yuri"]
[Black "Jepson, Christian"]
[Result "1-0"]
[WhiteElo "2602"]
[BlackElo "2388"]
[PlyCount "59"]
[EventDate "2012.09.14"]
[EventType "swiss"]
[EventRounds "9"]
[EventCountry "DEN"]
[Source "ChessBase"]
[SourceDate "2012.10.19"]

1. e4 e5 2. Nf3 Nc6 3. Bb5 a6 4. Ba4 Nf6 5. O-O b5 6. Bb3 Bb7 7. d3 Be7 8. Re1
O-O 9. Nbd2 d6 10. a3 Na5 11. Ba2 c5 12. Nf1 Bc8 13. c3 Nc6 14. Ne3 Be6 15. Nd5
Nb8 16. d4 Bxd5 17. exd5 exd4 18. cxd4 c4 19. b3 c3 20. Qd3 Nbd7 21. Qxc3 Rc8
22. Qd3 Nxd5 23. Bd2 N7f6 24. Re2 Qd7 25. Rae1 Rfe8 26. b4 Nb6 27. Bg5 Nfd5 28.
Bxe7 Rxe7 29. Rxe7 Nxe7 30. Ng5 1-0

[Event "Skovbo GM"]
[Site "Borup"]
[Date "2012.09.22"]
[Round "7"]
[White "Sriram, Jha"]
[Black "Carstensen, Jacob"]
[Result "1-0"]
[WhiteElo "2422"]
[BlackElo "2363"]
[PlyCount "135"]
[EventDate "2012.09.14"]
[EventType "swiss"]
[EventRounds "9"]
[EventCountry "DEN"]
[Source "ChessBase"]
[SourceDate "2012.10.19"]

1. d4 Nf6 2. c4 e6 3. Nf3 b6 4. g3 Ba6 5. Qa4 Bb7 6. Bg2 c5 7. dxc5 Bxc5 8. O-O
O-O 9. Nc3 Ne4 10. Qc2 Nxc3 11. Qxc3 Qe7 12. Rd1 Rd8 13. a3 a5 14. Ng5 Bxg2 15.
Kxg2 Nc6 16. Ne4 f6 17. Be3 Bxe3 18. Qxe3 d5 19. Qxb6 Rdc8 20. cxd5 exd5 21.
Nc3 d4 22. Qb3+ Kh8 23. Nb5 Rab8 24. Rac1 Qe4+ 25. Kg1 Qxe2 26. a4 Qg4 27. Qd5
Ne5 28. Nd6 Rxc1 29. Rxc1 d3 30. Kg2 h6 31. Nc4 Qe2 32. Rc3 Re8 33. Nxe5 fxe5
34. Qxd3 Qxb2 35. Rc4 Qb7+ 36. Qe4 Qb6 37. Qc6 Qd8 38. Re4 Re7 39. Re3 Qf8 40.
Qe4 Rf7 41. Re2 Qa3 42. Rc2 Rf8 43. h4 Qd6 44. Rb2 Qa3 45. Rd2 Qc5 46. Re2 Qa3
47. h5 Qc5 48. f3 Qa3 49. Rd2 Qc3 50. Rd5 Qb2+ 51. Kh3 Qc3 52. Rxe5 Qxf3 53.
Qxf3 Rxf3 54. Rxa5 Kg8 55. Kg4 Rf1 56. Ra7 Rf2 57. a5 Rf1 58. a6 Rf6 59. Ra8+
Kf7 60. Kh3 Rb6 61. Kg2 Rf6 62. g4 Rf4 63. Kg3 Rf6 64. Ra7+ Kg8 65. Kg2 Kf8 66.
Ra8+ Kf7 67. Kg3 Ke7 68. a7 1-0

[Event "Skovbo GM"]
[Site "Borup"]
[Date "2012.09.22"]
[Round "7"]
[White "Vesterli, Michael E"]
[Black "Christophersen, David"]
[Result "1-0"]
[WhiteElo "2037"]
[BlackElo "1839"]
[PlyCount "67"]
[EventDate "2012.09.14"]
[EventType "swiss"]
[EventRounds "9"]
[EventCountry "DEN"]
[Source "ChessBase"]
[SourceDate "2012.10.19"]

1. d4 Nf6 2. c4 g6 3. Nc3 Bg7 4. e4 d6 5. Nf3 c5 6. d5 O-O 7. Bd3 Nbd7 8. O-O
Ng4 9. Nd2 Nde5 10. Be2 f5 11. h3 Nf6 12. f4 Nf7 13. Bd3 Nh5 14. exf5 Ng3 15.
fxg6 Bd4+ 16. Rf2 Ne5 17. gxh7+ Kh8 18. Nf3 Bxf2+ 19. Kxf2 Nxd3+ 20. Qxd3 Bf5
21. Qe3 Nh1+ 22. Kg1 Ng3 23. Ng5 Nh5 24. g4 Nxf4 25. Qxf4 Bg6 26. Qe3 Rf6 27.
Nce4 Bxe4 28. Qxe4 Qf8 29. Bd2 Re8 30. Bc3 a6 31. Rf1 b5 32. Rxf6 exf6 33. Qxe8
Qxe8 34. Bxf6# 1-0

[Event "Skovbo GM"]
[Site "Borup"]
[Date "2012.09.22"]
[Round "7"]
[White "Vijayalakshmi, Subbaraman"]
[Black "Antonsen, Mikkel"]
[Result "0-1"]
[WhiteElo "2387"]
[BlackElo "2445"]
[PlyCount "130"]
[EventDate "2012.09.14"]
[EventType "swiss"]
[EventRounds "9"]
[EventCountry "DEN"]
[Source "ChessBase"]
[SourceDate "2012.10.19"]

1. Nf3 Nf6 2. g3 g6 3. b3 Bg7 4. Bb2 d6 5. d4 c5 6. d5 e5 7. dxe6 Bxe6 8. c4 d5
9. Ng5 Bf5 10. cxd5 h6 11. e4 Bd7 12. Nf3 O-O 13. e5 Re8 14. Bg2 Bb5 15. Nc3
Ba6 16. Qd2 Nbd7 17. O-O-O Nxe5 18. Nxe5 Rxe5 19. Rhe1 Rxe1 20. Rxe1 Qd6 21. f4
c4 22. Kb1 cxb3 23. axb3 Qb4 24. Qd1 Rc8 25. Re3 Qb6 26. Rf3 Re8 27. d6 Rd8 28.
Ba3 Qa5 29. Bb2 Qb4 30. Na2 Qe4+ 31. Qc2 Rxd6 32. Rc3 Qe1+ 33. Bc1 Kh7 34. Re3
Qxe3 35. Bxe3 Bd3 36. Bxb7 Bxc2+ 37. Kxc2 Rd7 38. Bf3 Nd5 39. Bf2 a5 40. Be1
Ne3+ 41. Kb1 Nf5 42. Nc1 Nd4 43. Bd1 Nb5 44. Bf3 Na3+ 45. Ka2 Nc2 46. Bxa5 Ra7
47. b4 Nxb4+ 48. Kb3 Rxa5 49. Kxb4 Ra1 50. Nd3 Ra2 51. h4 f5 52. Nc1 Rf2 53.
Bd5 Rd2 54. Bc4 h5 55. Ne2 Bf6 56. Kc5 Kg7 57. Kc6 Be7 58. Ng1 Rg2 59. Ne2 Bb4
60. Kd5 Be1 61. Kd4 Bxg3 62. Ke3 Bxh4 63. Bd5 Rh2 64. Bf3 Bf2+ 65. Kd3 Rh3 0-1

[Event "Skovbo GM"]
[Site "Borup"]
[Date "2012.09.22"]
[Round "7"]
[White "Wang, Peter"]
[Black "Yildiz, Hasan"]
[Result "1-0"]
[WhiteElo "1971"]
[BlackElo "2051"]
[PlyCount "179"]
[EventDate "2012.09.14"]
[EventType "swiss"]
[EventRounds "9"]
[EventCountry "DEN"]
[Source "ChessBase"]
[SourceDate "2012.10.19"]

1. d4 Nf6 2. Nf3 e6 3. e3 b6 4. Bd3 Bb7 5. O-O c5 6. Nbd2 Be7 7. b3 O-O 8. Bb2
d5 9. Re1 Ne4 10. Qe2 Qc7 11. a3 Rd8 12. Nf1 Nd7 13. Ng3 Rac8 14. Nh5 c4 15.
bxc4 dxc4 16. Bxe4 Bxe4 17. Bc3 Nf6 18. Nf4 Qb7 19. Ng5 h6 20. Nxe4 Nxe4 21.
Bb4 a5 22. Bxe7 Qxe7 23. f3 Nc3 24. Qd2 Na4 25. c3 Nc5 26. Qe2 Nb3 27. Ra2 b5
28. Nh5 b4 29. axb4 axb4 30. Ng3 bxc3 31. Qc2 Qb4 32. Ne2 Ra8 33. Rxa8 Rxa8 34.
Qxc3 Qb5 35. Qb2 Qa5 36. Nc3 Rb8 37. Rb1 Qa7 38. Qa2 Qb7 39. Qa4 Qc7 40. Qa3
Rb7 41. Qa4 Ra7 42. Qe8+ Kh7 43. Nb5 Qd7 44. Qxd7 Rxd7 45. Na3 Nd2 46. Rc1 Rc7
47. Rc2 Nb3 48. Rxc4 Rxc4 49. Nxc4 Nc1 50. Kf1 Nd3 51. Ke2 Nb4 52. e4 Kg6 53.
Kd2 Kf6 54. h4 h5 55. g4 hxg4 56. fxg4 Ke7 57. Ne3 f6 58. Nc2 Nc6 59. Ke3 Nd8
60. Nb4 Nf7 61. Nd3 Kd6 62. Kf3 Nh6 63. Kf4 Nf7 64. e5+ Ke7 65. Nc5 g5+ 66.
hxg5 fxg5+ 67. Kf3 Nd8 68. Ne4 Nf7 69. Nf6 Nh6 70. Ke4 Nf7 71. Kd3 Kd8 72. Kc4
Kc7 73. Kc5 Kd8 74. Nh7 Kd7 75. Nf6+ Ke7 76. Kc6 Nd8+ 77. Kc7 Nf7 78. Kc8 Nh6
79. Kc7 Nf7 80. Kc6 Nd8+ 81. Kc5 Nf7 82. Kc4 Kd8 83. Kd3 Ke7 84. Ke4 Nh6 85. d5
exd5+ 86. Kxd5 Nf7 87. Ng8+ Kf8 88. e6 Nh8 89. e7+ Ke8 90. Ke6 1-0

[Event "Skovbo GM"]
[Site "Borup"]
[Date "2012.09.22"]
[Round "8"]
[White "Antonsen, Mikkel"]
[Black "Miezis, Normunds"]
[Result "0-1"]
[WhiteElo "2445"]
[BlackElo "2574"]
[PlyCount "124"]
[EventDate "2012.09.14"]
[EventType "swiss"]
[EventRounds "9"]
[EventCountry "DEN"]
[Source "ChessBase"]
[SourceDate "2012.10.19"]

1. d4 Nf6 2. c4 e6 3. Nc3 Bb4 4. Qc2 c5 5. dxc5 Nc6 6. Nf3 Bxc5 7. a3 b6 8. e3
Bb7 9. Be2 Rc8 10. O-O Qc7 11. b4 Be7 12. Nb5 Qb8 13. Bb2 h5 14. Rad1 a6 15.
Bxf6 gxf6 16. Nbd4 Ne5 17. Nxe5 fxe5 18. Nb3 Qc7 19. e4 h4 20. Qd3 d6 21. Rc1
Bg5 22. Rc2 Ke7 23. Rd1 Qc6 24. Bf3 Rhd8 25. h3 Bf4 26. Rc3 a5 27. b5 Qe8 28.
Qe2 Qg8 29. Nc1 Bxc1 30. Rdxc1 Qg5 31. Rd1 Rg8 32. Rcd3 Rcd8 33. Kh1 Qf4 34. a4
Rd7 35. Re3 Rc8 36. Rc3 Rc5 37. Qc2 Rdc7 38. Qe2 Rc8 39. Re1 Ba8 40. Kg1 Rg8
41. Rd1 Rd8 42. Kh1 d5 43. exd5 exd5 44. Rc2 e4 45. Rd4 Qe5 46. Qe3 dxc4 47.
Rxd8 Kxd8 48. Rd2+ Ke7 49. Bg4 Bd5 50. f4 Qd6 51. Bd1 c3 52. Rf2 f5 53. Bc2 Bf7
54. Kh2 Kf8 55. g4 hxg3+ 56. Qxg3 Qf6 57. Qe3 Rd5 58. Rg2 Rd6 59. Qg3 Ke7 60.
Qe3 Qd4 61. Qg3 Rg6 62. Qh4+ Qf6 0-1

[Event "Skovbo GM"]
[Site "Borup"]
[Date "2012.09.22"]
[Round "8"]
[White "Bekker Jensen, Simon"]
[Black "Vijayalakshmi, Subbaraman"]
[Result "0-1"]
[WhiteElo "2402"]
[BlackElo "2387"]
[PlyCount "108"]
[EventDate "2012.09.14"]
[EventType "swiss"]
[EventRounds "9"]
[EventCountry "DEN"]
[Source "ChessBase"]
[SourceDate "2012.10.19"]

1. d4 Nf6 2. c4 e6 3. Nc3 Bb4 4. e3 O-O 5. Nge2 d5 6. a3 Be7 7. cxd5 exd5 8. b4
c6 9. Ng3 b5 10. Bd2 Re8 11. Bd3 Bd6 12. O-O Nbd7 13. Qc2 Nf8 14. Nce2 Bd7 15.
f3 Qb6 16. Nf5 Bb8 17. Rae1 h5 18. e4 Bxf5 19. exf5 Bd6 20. Qc3 Qc7 21. g3 N8d7
22. Bf4 Bxf4 23. Nxf4 Qd6 24. Bb1 Nb6 25. Nd3 Nc4 26. Ne5 a5 27. Re2 axb4 28.
axb4 Ra4 29. Rfe1 Qxb4 30. Qc1 Rc8 31. Nd3 Qd6 32. Nc5 Ra1 33. g4 hxg4 34. fxg4
Na3 35. g5 Rxb1 36. Qxa3 Rxe1+ 37. Rxe1 Ne4 38. Qe3 Re8 39. h4 Qb8 40. Nd7 Qc8
41. Ne5 Rxe5 42. dxe5 Qxf5 43. Rf1 Qg4+ 44. Kh2 Qxh4+ 45. Qh3 Qxh3+ 46. Kxh3
Nxg5+ 47. Kg4 Ne6 48. Rc1 c5 49. Rd1 d4 50. Kf5 c4 51. Ke4 d3 52. Rb1 d2 53.
Ke3 c3 54. Kd3 b4 0-1

[Event "Skovbo GM"]
[Site "Borup"]
[Date "2012.09.22"]
[Round "8"]
[White "Carstensen, Jacob"]
[Black "Wang, Peter"]
[Result "1-0"]
[WhiteElo "2363"]
[BlackElo "1971"]
[PlyCount "62"]
[EventDate "2012.09.14"]
[EventType "swiss"]
[EventRounds "9"]
[EventCountry "DEN"]
[Source "ChessBase"]
[SourceDate "2012.10.19"]

1. d4 Nf6 2. c4 g6 3. Nc3 Bg7 4. e4 d6 5. Nf3 O-O 6. Be2 e5 7. O-O Nc6 8. d5
Ne7 9. b4 b6 10. c5 Ne8 11. Qb3 f5 12. Bg5 h6 13. Bxe7 Qxe7 14. Nd2 f4 15. Rac1
g5 16. Qd1 Nf6 17. Nb5 a6 18. cxd6 cxd6 19. Nc7 Ra7 20. Ne6 Re8 21. b5 a5 22.
Rc6 Nd7 23. Bh5 Nc5 24. Nxc5 bxc5 25. Bxe8 Qxe8 26. Nc4 Bf8 27. Nxd6 Bxd6 28.
Rxd6 Kg7 29. b6 Rb7 30. Qc2 f3 31. Qxc5 Qh5 1-0

[Event "Skovbo GM"]
[Site "Borup"]
[Date "2012.09.22"]
[Round "8"]
[White "Christensen, Henrik"]
[Black "Petersen, Nils"]
[Result "1/2-1/2"]
[WhiteElo "2026"]
[BlackElo "1958"]
[PlyCount "48"]
[EventDate "2012.09.14"]
[EventType "swiss"]
[EventRounds "9"]
[EventCountry "DEN"]
[Source "ChessBase"]
[SourceDate "2012.10.19"]

1. c4 e5 2. Nc3 Bb4 3. Qc2 Nf6 4. a3 Be7 5. Nf3 Nc6 6. e3 O-O 7. Nd5 d6 8. Ng5
g6 9. Nxe7+ Nxe7 10. b3 Bf5 11. Qb2 h6 12. Nf3 c5 13. d3 Nc6 14. e4 Bg4 15.
Bxh6 Bxf3 16. gxf3 Re8 17. Be2 Nd4 18. Bg5 Kg7 19. b4 b6 20. Bd1 Qd7 21. h4 Nh5
22. Qd2 Rh8 23. Be3 Ne6 24. Bc2 Nhf4 1/2-1/2

[Event "Skovbo GM"]
[Site "Borup"]
[Date "2012.09.22"]
[Round "8"]
[White "Christophersen, David"]
[Black "Preuss, Flemming"]
[Result "1/2-1/2"]
[WhiteElo "1839"]
[BlackElo "1990"]
[PlyCount "125"]
[EventDate "2012.09.14"]
[EventType "swiss"]
[EventRounds "9"]
[EventCountry "DEN"]
[Source "ChessBase"]
[SourceDate "2012.10.19"]

1. d4 f5 2. c4 Nf6 3. Nc3 g6 4. Bf4 d6 5. e3 Bg7 6. Nf3 O-O 7. Be2 Nh5 8. Bg3
c6 9. Nd2 Nxg3 10. hxg3 e5 11. dxe5 dxe5 12. Qc2 Qe7 13. O-O-O Be6 14. Nf3 Nd7
15. Rh2 e4 16. Nd4 Bf7 17. g4 fxg4 18. Nxe4 Rae8 19. Bxg4 Qxe4 20. Bxd7 Qxc2+
21. Nxc2 Re7 22. b3 h5 23. Bh3 g5 24. g4 Be5 25. Rg2 h4 26. Nd4 Bxd4 27. Rxd4
Bg6 28. Kd2 Be4 29. Rh2 c5 30. Rd6 Kg7 31. Bf1 Ref7 32. Ke1 Rf6 33. Rxf6 Rxf6
34. Bg2 Bb1 35. a3 Rb6 36. b4 cxb4 37. axb4 Rxb4 38. Bd5 Rb2 39. Kd1 a5 40. Kc1
Rb4 41. f4 Kf6 42. Rb2 Bd3 43. Rxb4 axb4 44. Kd2 Bf1 45. Ke1 Bh3 46. Bxb7 Bxg4
47. fxg5+ Kxg5 48. c5 b3 49. Kd2 h3 50. Kc3 Be6 51. Bh1 Kg4 52. c6 Kg3 53. c7
Kf2 54. Bd5 Bc8 55. Kxb3 Kxe3 56. Kc4 h2 57. Kc5 Kf2 58. Kd6 Kg1 59. Ke7 Bh3
60. Kd8 h1=Q 61. Bxh1 Kxh1 62. c8=Q Bxc8 63. Kxc8 1/2-1/2

[Event "Skovbo GM"]
[Site "Borup"]
[Date "2012.09.22"]
[Round "8"]
[White "Hansen, Erik Levin"]
[Black "Marthedal, Anton Mehmet Yildiz"]
[Result "1/2-1/2"]
[WhiteElo "1753"]
[BlackElo "1352"]
[PlyCount "54"]
[EventDate "2012.09.14"]
[EventType "swiss"]
[EventRounds "9"]
[EventCountry "DEN"]
[Source "ChessBase"]
[SourceDate "2012.10.19"]

1. e4 e5 2. f4 Bc5 3. Nf3 exf4 4. d4 Bb6 5. Bxf4 Nf6 6. Qd3 O-O 7. Be2 Nc6 8.
c3 d6 9. Nbd2 h6 10. h3 Ne8 11. g4 f6 12. O-O-O d5 13. Qc2 dxe4 14. Nxe4 f5 15.
Bc4+ Kh8 16. Neg5 Qf6 17. h4 Nd6 18. Bxd6 cxd6 19. Rde1 Bd7 20. Ne6 Rfe8 21. g5
Qf7 22. d5 Na5 23. Qe2 h5 24. g6 Qxg6 25. Rhg1 Bxg1 26. Rxg1 Qh6+ 27. Nfg5 Rac8
1/2-1/2

[Event "Skovbo GM"]
[Site "Borup"]
[Date "2012.09.22"]
[Round "8"]
[White "Hansen, Janech"]
[Black "Andersen, Bjarne Hjorth"]
[Result "0-1"]
[WhiteElo "1599"]
[BlackElo "2035"]
[PlyCount "93"]
[EventDate "2012.09.14"]
[EventType "swiss"]
[EventRounds "9"]
[EventCountry "DEN"]
[Source "ChessBase"]
[SourceDate "2012.10.19"]

1. e4 c6 2. d4 d5 3. e5 Bf5 4. Bd3 Bxd3 5. Qxd3 e6 6. Nf3 Nd7 7. c4 Rc8 8. Bd2
dxc4 9. Qxc4 Nb6 10. Qb3 Qd7 11. Nc3 Ne7 12. O-O Nf5 13. Be3 Be7 14. g4 Nh4 15.
Nxh4 Bxh4 16. Ne4 Be7 17. Rac1 O-O 18. Nc5 Bxc5 19. dxc5 Nd5 20. Rfd1 Qe7 21.
Rc4 Rfd8 22. Re1 Rd7 23. g5 Rcd8 24. Bc1 Nc7 25. Rc3 Nb5 26. Rg3 Qxc5 27. g6
hxg6 28. h4 Nd4 29. Qa4 Ne2+ 30. Rxe2 Qxc1+ 31. Kg2 Qd1 32. Qxd1 Rxd1 33. Rb3
b6 34. Rc2 c5 35. a4 R1d4 36. Kg3 Rxa4 37. f3 Rdd4 38. Rh2 Rab4 39. Ra3 a5 40.
h5 gxh5 41. Rxh5 Rxb2 42. Ra1 Rdd2 43. Rah1 Kf8 44. Rh8+ Ke7 45. R1h7 a4 46.
Rxg7 Rg2+ 47. Kf4 0-1

[Event "Skovbo GM"]
[Site "Borup"]
[Date "2012.09.22"]
[Round "8"]
[White "Jensen, Steen Dahlgaard"]
[Black "Bejtovic, Jasmin"]
[Result "0-1"]
[WhiteElo "1846"]
[BlackElo "2390"]
[PlyCount "54"]
[EventDate "2012.09.14"]
[EventType "swiss"]
[EventRounds "9"]
[EventCountry "DEN"]
[Source "ChessBase"]
[SourceDate "2012.10.19"]

1. Nf3 c5 2. e4 Nc6 3. d4 cxd4 4. Nxd4 g6 5. Nc3 Bg7 6. Be3 Nf6 7. Nxc6 bxc6 8.
e5 Ng8 9. Bd4 f6 10. f4 Qa5 11. Bc4 fxe5 12. fxe5 Bxe5 13. O-O Nf6 14. Re1
Bxd4+ 15. Qxd4 Qb6 16. Rad1 d5 17. Bb3 Qxd4+ 18. Rxd4 e6 19. Na4 Ke7 20. c4 Bd7
21. Nc5 Kd6 22. Nb7+ Kc7 23. Nc5 Rae8 24. Rf4 Rhf8 25. Ref1 Kd6 26. Rxf6 Rxf6
27. Nb7+ Ke7 0-1

[Event "Skovbo GM"]
[Site "Borup"]
[Date "2012.09.22"]
[Round "8"]
[White "Jepson, Christian"]
[Black "Vesterli, Michael E"]
[Result "1-0"]
[WhiteElo "2388"]
[BlackElo "2037"]
[PlyCount "45"]
[EventDate "2012.09.14"]
[EventType "swiss"]
[EventRounds "9"]
[EventCountry "DEN"]
[Source "ChessBase"]
[SourceDate "2012.10.19"]

1. d4 Nf6 2. c4 g6 3. Nc3 Bg7 4. e4 d6 5. f4 c5 6. d5 O-O 7. Nf3 e6 8. Be2 exd5
9. cxd5 Bg4 10. O-O Nbd7 11. h3 Bxf3 12. Bxf3 a6 13. g4 h6 14. h4 b5 15. g5 Nh7
16. Qc2 Qe8 17. Bg4 Ra7 18. e5 dxe5 19. f5 hxg5 20. hxg5 f6 21. fxg6 Nxg5 22.
Bxg5 fxg5 23. Be6+ 1-0